Statistics for London Underground Next Station

Click here to take the quiz!

General Stats

  • This quiz has been taken 272 times
  • The average score is 9 of 20

Answer Stats

StationLineDirectionNext Station% Correct
Tottenham Court RoadCentral LineEastboundHolborn
90%
Russell SquarePiccadilly LineEastboundKings Cross/St Pancras
68%
Bond StreetJubilee LineEastboundGreen Park
64%
Liverpool StreetCentral LineEastboundBethnal Green
57%
Camden TownNorthern LineSouthoundMornington Crescent
57%
Great Portland StreetHammersmith and City/Circle/Metropolitan LineEastboundEuston Square
55%
Park RoyalPiccadilly LineWestboundAlperton
54%
Notting Hill GateCircle/District LineNorthboundBayswater
51%
Belsize ParkNorthern LineSouthboundChalk Farm
47%
Brent CrossNorthern LineSouthboundGolders Green
45%
SouthfieldsDistrict LineSouthboundWimbledon Park
44%
ChorleywoodMetropolitan LineNorthboundChalfont and Latimer
41%
Goldhawk RoadHammersmith and City/Circle LineEastboundShepherds Bush Market
41%
HornchurchDistrict LineWestboundElm Park
40%
Arnos GrovePiccadilly LineEastboundSouthgate
38%
West FinchleyNorthern LineNorthboundWoodside Park
33%
Gallions ReachDLREastboundBeckton
29%
PoplarDLRWestboundLimehouse
26%
Newbury ParkCentral LineEastboundFairlop
25%
Ravenscourt ParkDistrict LineEastboundWest Kensington
13%

Score Distribution

Percentile by Number Answered

Percent of People with Each Score

Your Score History

You have not taken this quiz